Welcome to WEB OPAC of MRSPTU Central Library

Fluid Mechanics and Hydraulic Machines (Record no. 6689)

MARC details
000 -LEADER
fixed length control field 00470nam a2200181Ia 4500
008 - FIXED-LENGTH DATA ELEMENTS--GENERAL INFORMATION
fixed length control field 230711s9999||||xx |||||||||||||| ||und||
020 ## - INTERNATIONAL STANDARD BOOK NUMBER
International Standard Book Number 978-93259-8421-9
041 ## - LANGUAGE CODE
Language code of text/sound track or separate title ENG
082 ## - DEWEY DECIMAL CLASSIFICATION NUMBER
Classification number 621.106
Item number MA-F
100 ## - MAIN ENTRY--PERSONAL NAME
Personal name Mandal,D K
245 #0 - TITLE STATEMENT
Title Fluid Mechanics and Hydraulic Machines
250 ## - EDITION STATEMENT
Edition statement 1st Ed.
260 ## - PUBLICATION, DISTRIBUTION, ETC.
Date of publication, distribution, etc. 2015
Place of publication, distribution, etc. New Delhi
Name of publisher, distributor, etc. Vikas Publishing House Pvt Ltd.
300 ## - PHYSICAL DESCRIPTION
Extent 441p.
650 ## - SUBJECT ADDED ENTRY--TOPICAL TERM
Topical term or geographic name entry element Mechanical Engineering
700 ## - ADDED ENTRY--PERSONAL NAME
Personal name Chakraborti,S
942 ## - ADDED ENTRY ELEMENTS (KOHA)
Koha item type Book
Holdings
Withdrawn status Lost status Damaged status Not for loan Collection Home library Current library Date acquired Source of acquisition Cost, normal purchase price Inventory number Total checkouts Full call number Barcode Date last seen Price effective from Koha item type Date last checked out
          MRSPTU Central Library MRSPTU Central Library   Krishna Book Distributors 325.00 KBD/2017-2018/1019443059   621.106 MA-F 39770 08/17/2023 08/17/2023 Book  
          MRSPTU Central Library MRSPTU Central Library   Krishna Book Distributors 325.00 KBD/2017-2018/1019443059   621.106 MA-F 39771 08/17/2023 08/17/2023 Book  
          MRSPTU Central Library MRSPTU Central Library   Krishna Book Distributors 325.00 KBD/2017-2018/1019443059   621.106 MA-F 39772 08/17/2023 08/17/2023 Book  
          MRSPTU Central Library MRSPTU Central Library   Krishna Book Distributors 325.00 KBD/2017-2018/1019443059 2 621.106 MA-F 39773 10/16/2025 08/17/2023 Book 09/19/2025
          MRSPTU Central Library MRSPTU Central Library   Krishna Book Distributors 325.00 KBD/2017-2018/1019443059   621.106 MA-F 39774 08/17/2023 08/17/2023 Book  
          MRSPTU Central Library MRSPTU Central Library   Krishna Book Distributors 325.00 KBD/2017-2018/1019443059 1 621.106 MA-F 39775 09/08/2025 08/17/2023 Book 08/21/2025

Website Designed and Developed by MRSPTU Central Library Team

E-mail Id: librarian@mrsptu.ac.in